| 000 | 01031cam a2200253 i 4500 | ||
|---|---|---|---|
| 005 | 20260202115128.0 | ||
| 008 | 250721s2004 jo gr 000 0 ara d | ||
| 082 | 1 | 4 |
_a574.87 _bح م و |
| 100 | 1 |
_aيوسف، وليد حميد _eمؤلف. |
|
| 245 | 1 | 0 |
_aتجارب علمية في الأحياء : _bالخلية - الوراثة - البكتيريا - الطحالب - الفطريات / _cأ.د. محمد حسن الحمود، أ.د. وليد حميد يوسف. |
| 246 | 1 | 0 | _aالعلوم البيولوجية |
| 250 | _aالطبعة الأولى. | ||
| 264 | 3 | 1 |
_aعمان : _bالأهلية للنشر والتوزيع، _c2004. |
| 300 | _a352 صفحة. | ||
| 650 | 1 | 7 | _aوسائل التدريس. |
| 650 | 1 | 7 | _aطلاب الجامعات. |
| 650 | 1 | 7 | _aالتجارب. |
| 650 | 1 | 7 | _aالعلوم الطبيعية. |
| 650 | 1 | 7 | _aالتشريح. |
| 650 | 1 | 7 | _aعلوم الحياة. |
| 700 | 1 |
_aالحمود، محمد حسن _eمؤلف. |
|
| 942 |
_2ddc _cBK |
||
| 999 |
_c89114 _d89114 |
||